<?xml version="1.0" encoding="UTF-8"?>
<record
    xmlns:xsi="http://www.w3.org/2001/XMLSchema-instance"
    xsi:schemaLocation="http://www.loc.gov/MARC21/slim http://www.loc.gov/standards/marcxml/schema/MARC21slim.xsd"
    xmlns="http://www.loc.gov/MARC21/slim">

  <leader>02575Cam#a2200421#a#4500</leader>
  <controlfield tag="003">AR-BeUNQ</controlfield>
  <controlfield tag="005">20240819201745.0</controlfield>
  <controlfield tag="008">240819s2012    ag aob j f    000 0 spa d</controlfield>
  <datafield tag="020" ind1=" " ind2=" ">
    <subfield code="a">9789876426305</subfield>
  </datafield>
  <datafield tag="040" ind1=" " ind2=" ">
    <subfield code="a">AR-BeUNQ</subfield>
    <subfield code="b">spa</subfield>
    <subfield code="c">AR-BeUNQ</subfield>
    <subfield code="e">aacr</subfield>
  </datafield>
  <datafield tag="082" ind1="0" ind2="4">
    <subfield code="a">907</subfield>
    <subfield code="2">21</subfield>
  </datafield>
  <datafield tag="245" ind1="0" ind2="0">
    <subfield code="a">Ciencias sociales</subfield>
  </datafield>
  <datafield tag="250" ind1=" " ind2=" ">
    <subfield code="a">1a ed., 5a reimpr.</subfield>
  </datafield>
  <datafield tag="260" ind1=" " ind2=" ">
    <subfield code="a">Ciudad Aut&#xF3;noma de Buenos Aires : </subfield>
    <subfield code="b">Edelvives,</subfield>
    <subfield code="c">2023</subfield>
  </datafield>
  <datafield tag="300" ind1=" " ind2=" ">
    <subfield code="a">296 p. : </subfield>
    <subfield code="b">il., fot., mapas ; </subfield>
    <subfield code="c">27 cm</subfield>
  </datafield>
  <datafield tag="490" ind1="1" ind2=" ">
    <subfield code="a">Convergente</subfield>
  </datafield>
  <datafield tag="504" ind1=" " ind2=" ">
    <subfield code="a">Bibliograf&#xED;a: p. 296</subfield>
  </datafield>
  <datafield tag="505" ind1="0" ind2=" ">
    <subfield code="a"> 1. Tiempo y espacio: la historia y la geograf&#xED;a / por Anal&#xED;a Rizzi -- 2. Del origen de la Tierra a las primeras sociedades / por Anal&#xED;a Rizzi -- 3. Los grandes estados del Cercano y Lejano Oriente / por Anal&#xED;a Rizzi -- 4. El Antiguo Egipto / por Anal&#xED;a Rizzi -- 5. Los estados del Mediterr&#xE1;neo oriental / por Anal&#xED;a Rizzi -- 6. Los primeros estados americanos / por Anal&#xED;a Rizzi -- 7. Los grandes estados americanos / por Anal&#xED;a Rizzi -- 8. El origen del mundo griego / por Eduardo Minutella -- 9. De la Grecia cl&#xE1;sica al Imperio maced&#xF3;nico / por Eduardo Minutella -- 10. La Antigua Roma:  de los or&#xED;genes de la Rep&#xFA;blica / por Eduardo Minutella -- 11. La Roma Imperial / por Eduardo Minutella -- 12. Los comienzos de la Edad media / por Lorena Lardiz&#xE1;bal -- 13. Oriente: continuidades y nuevos actores  / por Lorena Lardiz&#xE1;bal -- 14. El sistema feudal  / por Lorena Lardiz&#xE1;bal -- 15. El fin del mundo feudal / por Lorena Lardiz&#xE1;bal.</subfield>
  </datafield>
  <datafield tag="650" ind1=" " ind2="7">
    <subfield code="a">Ciencias sociales</subfield>
    <subfield code="2">toit</subfield>
  </datafield>
  <datafield tag="650" ind1=" " ind2="7">
    <subfield code="a">Historia</subfield>
    <subfield code="2">spines</subfield>
  </datafield>
  <datafield tag="650" ind1=" " ind2="7">
    <subfield code="a">Prehistoria</subfield>
    <subfield code="2">spines</subfield>
  </datafield>
  <datafield tag="650" ind1=" " ind2="7">
    <subfield code="a">Historia antigua</subfield>
    <subfield code="2">spines</subfield>
  </datafield>
  <datafield tag="650" ind1=" " ind2="7">
    <subfield code="a">Historia medieval</subfield>
    <subfield code="2">spines</subfield>
  </datafield>
  <datafield tag="650" ind1=" " ind2="7">
    <subfield code="a">Geograf&#xED;a</subfield>
    <subfield code="2">spines</subfield>
  </datafield>
  <datafield tag="650" ind1=" " ind2="7">
    <subfield code="a">Geograf&#xED;a pol&#xED;tica</subfield>
    <subfield code="2">spines</subfield>
  </datafield>
  <datafield tag="650" ind1=" " ind2="7">
    <subfield code="a">Geograf&#xED;a f&#xED;sica</subfield>
    <subfield code="2">spines</subfield>
  </datafield>
  <datafield tag="650" ind1=" " ind2="7">
    <subfield code="a">Econom&#xED;a</subfield>
    <subfield code="2">spines</subfield>
  </datafield>
  <datafield tag="650" ind1=" " ind2="7">
    <subfield code="a">Demograf&#xED;a</subfield>
    <subfield code="2">spines</subfield>
  </datafield>
  <datafield tag="650" ind1=" " ind2="7">
    <subfield code="a">Ense&#xF1;anza media</subfield>
    <subfield code="2">spines</subfield>
  </datafield>
  <datafield tag="655" ind1=" " ind2="7">
    <subfield code="a">Manuales</subfield>
    <subfield code="2">spines</subfield>
  </datafield>
  <datafield tag="830" ind1=" " ind2="0">
    <subfield code="a">Convergente (Edelvives)</subfield>
  </datafield>
  <datafield tag="929" ind1=" " ind2=" ">
    <subfield code="a">COMPRA</subfield>
    <subfield code="b">Ciencia y T&#xE9;cnica</subfield>
    <subfield code="c">Compra 2023 Exp. 827-2000/2023</subfield>
    <subfield code="d">18000</subfield>
    <subfield code="e">20240116</subfield>
    <subfield code="f">PAT0081236</subfield>
    <subfield code="j">62370</subfield>
    <subfield code="h">1</subfield>
  </datafield>
  <datafield tag="929" ind1=" " ind2=" ">
    <subfield code="a">COMPRA</subfield>
    <subfield code="b">Ciencia y T&#xE9;cnica</subfield>
    <subfield code="c">Compra 2023 Exp. 827-2000/2023</subfield>
    <subfield code="d">18000</subfield>
    <subfield code="e">20240116</subfield>
    <subfield code="f">PAT0081237</subfield>
    <subfield code="j">62371</subfield>
    <subfield code="h">2</subfield>
  </datafield>
  <datafield tag="929" ind1=" " ind2=" ">
    <subfield code="a">COMPRA</subfield>
    <subfield code="b">Ciencia y T&#xE9;cnica</subfield>
    <subfield code="c">Compra 2023 Exp. 827-2000/2023</subfield>
    <subfield code="d">18000</subfield>
    <subfield code="e">20240116</subfield>
    <subfield code="f">PAT0081238</subfield>
    <subfield code="j">62372</subfield>
    <subfield code="h">3</subfield>
  </datafield>
  <datafield tag="929" ind1=" " ind2=" ">
    <subfield code="a">COMPRA</subfield>
    <subfield code="b">Ciencia y T&#xE9;cnica</subfield>
    <subfield code="c">Compra 2023 Exp. 827-2000/2023</subfield>
    <subfield code="d">18000</subfield>
    <subfield code="e">20240116</subfield>
    <subfield code="f">PAT0081239</subfield>
    <subfield code="j">62373</subfield>
    <subfield code="h">4</subfield>
  </datafield>
  <datafield tag="929" ind1=" " ind2=" ">
    <subfield code="a">COMPRA</subfield>
    <subfield code="b">Ciencia y T&#xE9;cnica</subfield>
    <subfield code="c">Compra 2023 Exp. 827-2000/2023</subfield>
    <subfield code="d">18000</subfield>
    <subfield code="e">20240116</subfield>
    <subfield code="f">PAT0081240</subfield>
    <subfield code="j">62374</subfield>
    <subfield code="h">5</subfield>
  </datafield>
  <datafield tag="942" ind1=" " ind2=" ">
    <subfield code="c">LIB</subfield>
    <subfield code="n">0</subfield>
  </datafield>
  <datafield tag="999" ind1=" " ind2=" ">
    <subfield code="c">1031</subfield>
    <subfield code="d">1031</subfield>
  </datafield>
  <datafield tag="952" ind1=" " ind2=" ">
    <subfield code="0">0</subfield>
    <subfield code="1">0</subfield>
    <subfield code="a">BIBESET</subfield>
    <subfield code="b">BIBESET</subfield>
    <subfield code="c">circulacion</subfield>
    <subfield code="d">2024-08-19</subfield>
    <subfield code="o">907 CIE</subfield>
    <subfield code="p">62370</subfield>
    <subfield code="r">2024-08-19</subfield>
    <subfield code="t">1</subfield>
    <subfield code="y">LIB</subfield>
  </datafield>
  <datafield tag="952" ind1=" " ind2=" ">
    <subfield code="0">0</subfield>
    <subfield code="1">0</subfield>
    <subfield code="a">BIBESET</subfield>
    <subfield code="b">BIBESET</subfield>
    <subfield code="c">circulacion</subfield>
    <subfield code="d">2024-08-19</subfield>
    <subfield code="o">907 CIE</subfield>
    <subfield code="p">62371</subfield>
    <subfield code="r">2024-08-19</subfield>
    <subfield code="t">2</subfield>
    <subfield code="y">LIB</subfield>
  </datafield>
  <datafield tag="952" ind1=" " ind2=" ">
    <subfield code="0">0</subfield>
    <subfield code="1">0</subfield>
    <subfield code="a">BIBESET</subfield>
    <subfield code="b">BIBESET</subfield>
    <subfield code="c">circulacion</subfield>
    <subfield code="d">2024-08-19</subfield>
    <subfield code="o">907 CIE</subfield>
    <subfield code="p">62372</subfield>
    <subfield code="r">2024-08-19</subfield>
    <subfield code="t">3</subfield>
    <subfield code="y">LIB</subfield>
  </datafield>
  <datafield tag="952" ind1=" " ind2=" ">
    <subfield code="0">0</subfield>
    <subfield code="1">0</subfield>
    <subfield code="a">BIBESET</subfield>
    <subfield code="b">BIBESET</subfield>
    <subfield code="c">circulacion</subfield>
    <subfield code="d">2024-08-19</subfield>
    <subfield code="o">907 CIE</subfield>
    <subfield code="p">62373</subfield>
    <subfield code="r">2024-08-19</subfield>
    <subfield code="t">4</subfield>
    <subfield code="y">LIB</subfield>
  </datafield>
  <datafield tag="952" ind1=" " ind2=" ">
    <subfield code="0">0</subfield>
    <subfield code="1">0</subfield>
    <subfield code="a">BIBESET</subfield>
    <subfield code="b">BIBESET</subfield>
    <subfield code="c">circulacion</subfield>
    <subfield code="d">2024-08-19</subfield>
    <subfield code="o">907 CIE</subfield>
    <subfield code="p">62374</subfield>
    <subfield code="r">2024-08-19</subfield>
    <subfield code="t">5</subfield>
    <subfield code="y">LIB</subfield>
  </datafield>
</record>
